Statistics for Non Acheivable One Dart Totals

Click here to take the quiz!

General Stats

  • This quiz has been taken 8 times
  • The average score is 14 of 17

Answer Stats

Answer% Correct
35
100%
37
100%
43
100%
44
100%
46
100%
47
100%
31
86%
41
86%
49
86%
23
71%
29
71%
52
71%
53
71%
55
71%
56
71%
58
71%
59
71%

Score Distribution

Percentile by Number Answered

Percent of People with Each Score

Your Score History

You have not taken this quiz